000
00312nam a22001457a 4500
008
231012b ||||| |||| 00| 0 eng d
020
_a
9780671799403
041
_a
eng
080
_a
573
082
_a
573NOR
100
_a
44
101
_a
ENCIKLO
245
_a
PREHISTORIC LIFE
_c
NORMAN .D
942
_2
udc
_c
BK
999
_c
60438
_d
60438